00429 a2200109 4500001001000000005001700010008004100027245012800068100002800196700001800224773007700242ART_4967420260410162014.0260409a 10aEnseñanzas sobre la responsabilidad del estado por daños causados por su omisión, en materia de violencia de género1 aCaputi, María Claudia1 aFiol, Gerardo0 tTemas de derecho administrativog- Año 4, N° 10 (oct. 2019)wREV40468